01387nam a2200289 a 450000100100000000500170001000800410002704000250006808200190009311000320011224000180014424501060016224600520026826000360032030000200035659000260037665000450040265000750044765000760052265100410059865100460063991000370068595201170072295201230083995201180096299900170108000003254320200930065709.0110719s1997 dr 000 0 spa d aDO-SdBNPbspacBNPHU a346.067bR426L1 aRepública Dominicana944710a[Leyes, etc.]10aNo. 141-97 :bley general de reforma de la empresa pública del 24 de junio de 1997, G. O. no. 9957.10aLey de capitalización de la empresa pública aSanto Domingo :b[s.n.],c1997. a11 p. ;c21 cm. aInventariado, 2018/LP 4aEmpresas estatalesxLegislación958470 4aAdministracion públicazRepública DominicanaxLegislación958471 4aReformas constitucionaleszRepública DominicanaxLegislación958472 4aRepública DominicanaxLeyes916541 4aRepública DominicanaxLey 141-97958473 aValidado. Control de calidad EMS 0010718PDaPDbPDcHDd2011-07-19iLF1l0o346.067 R426Lp32543-10r2020-06-25w2020-06-25yLFPDZNo se presta 0010718PDaPDbPDcHDd2013-07-15iLF1l0o346.067 R426Lp32543-20r2020-06-25te. 2w2020-06-25yLFPDZNo se presta 00107-18PDaPDbPDcOId2011-07-19iLF1l0o346.067 R426Lp32544-10r2020-06-25w2020-06-25yLFPDZNo se presta c32034d32034